[Event "19. Wch 2009 Veteranos"]
[Site "Condino ITA"]
[Date "2009.10.27"]
[Round "1.1"]
[White "Andersson, Kaj"]
[Black "Tseshkovsky, Vitaly"]
[Result "0-1"]
[WhiteElo "2092"]
[BlackElo "2549"]
[PlyCount "148"]
[EventDate "2009.10.27"]
[EventType "swiss"]
[EventRounds "11"]
[EventCountry "ITA"]
[Source "lmi"]
[SourceDate "2009.10.27"]

1. e4 d6 2. d4 g6 3. c4 Bg7 4. Nc3 c6 5. Be3 a6 6. Qd2 b5 7. Bd3 Nf6 8. f3 bxc4
9. Bxc4 d5 10. Bb3 a5 11. Rc1 dxe4 12. Nxe4 O-O 13. Ne2 Ba6 14. Bc4 Bxc4 15.
Rxc4 Qd5 16. Qc2 Na6 17. Nf4 Qb5 18. a4 Qb8 19. Nxf6+ exf6 20. O-O Re8 21. Bd2
f5 22. Rd1 Qb6 23. Bc3 Rad8 24. g3 Rd6 25. Kg2 Red8 26. Qd2 Nb4 27. Ne2 Qa6 28.
b3 Nd5 29. Re1 Re6 30. Nf4 Rxe1 31. Qxe1 Nxc3 32. Qxc3 c5 33. Rxc5 g5 34. Nd3
Bxd4 35. Qxa5 Qxa5 36. Rxa5 Bc3 37. Rxf5 Rxd3 38. Rxg5+ Kf8 39. Rc5 Bd2 40. Rb5
Rc3 41. Rb7 Rc2 42. h4 Kg7 43. Kh3 h5 44. g4 Rc3 45. Kg2 hxg4 46. fxg4 Be1 47.
h5 Rg3+ 48. Kf1 Bd2 49. Ke2 Bc3 50. Rc7 Be5 51. Rc5 Kf6 52. Rc6+ Kg5 53. a5
Rxb3 54. a6 f6 55. Rc8 Ra3 56. Rg8+ Kh6 57. Rg6+ Kh7 58. g5 Rxa6 59. gxf6 Bxf6
60. Kf3 Ra3+ 61. Kg4 Ra4+ 62. Kg3 Bh4+ 63. Kh3 Be1 64. Re6 Rh4+ 65. Kg2 Bc3 66.
Rc6 Be5 67. Rc1 Kh6 68. Rh1 Rf4 69. Rh3 Rf8 70. Rh1 Kg5 71. Rh3 Kg4 72. Rh1 Bg3
73. h6 Rf2+ 74. Kg1 Kf3 0-1

[Event "19. Wch 2009 Veteranos"]
[Site "Condino ITA"]
[Date "2009.10.27"]
[Round "1.3"]
[White "Stuart, Peter"]
[Black "Cebalo, Miso"]
[Result "0-1"]
[WhiteElo "2074"]
[BlackElo "2500"]
[PlyCount "128"]
[EventDate "2009.10.27"]
[EventType "swiss"]
[EventRounds "11"]
[EventCountry "ITA"]
[Source "lmi"]
[SourceDate "2009.10.27"]

1. c4 Nf6 2. Nc3 e5 3. Nf3 Nc6 4. e4 Bb4 5. d3 d6 6. g3 Bg4 7. Bg2 h6 8. h3 Be6
9. O-O Bxc3 10. bxc3 Qd7 11. Kh2 g5 12. Ng1 Rg8 13. Qe2 Qe7 14. Rb1 O-O-O 15.
Ba3 b6 16. Rfd1 Na5 17. Bb4 Nb7 18. d4 c5 19. Ba3 Na5 20. d5 Bd7 21. Nf3 Nh7
22. Nd2 f5 23. Nb3 Nb7 24. exf5 Bxf5 25. Be4 Bxe4 26. Qxe4 Rdf8 27. Kg2 Qd7 28.
Bc1 Nf6 29. Qe2 Qf5 30. Be3 Kc7 31. Rbc1 Rf7 32. Rf1 Rgf8 33. Qc2 Qd7 34. Nd2
Na5 35. Rb1 Nh5 36. f3 Rg8 37. Kh2 Rfg7 38. g4 Nf4 39. Bxf4 gxf4 40. Kg2 h5 41.
Kf2 Rh8 42. Rh1 Qd8 43. Rbg1 Kb7 44. Ke2 Qd7 45. Kf2 Qd8 46. Ke2 Rhg8 47. Qa4
Rh8 48. Nb3 Nxb3 49. axb3 Kb8 50. Qc6 Rc7 51. Qa4 Qh4 52. Qa1 e4 53. fxe4 f3+
54. Kd2 Qf2+ 55. Kc1 Qe3+ 56. Kb2 Qxe4 57. Qe1 Qf4 58. Qc1 Qf7 59. Rf1 Re7 60.
Qd1 hxg4 61. hxg4 Rxh1 62. Rxh1 Re2+ 63. Ka3 Qe8 64. Rf1 Qc8 0-1

[Event "19. Wch 2009 Veteranos"]
[Site "Condino ITA"]
[Date "2009.10.27"]
[Round "1.5"]
[White "Tribuiani, Renato"]
[Black "Vasiukov, Evgeni"]
[Result "0-1"]
[WhiteElo "2071"]
[BlackElo "2485"]
[PlyCount "38"]
[EventDate "2009.10.27"]
[EventType "swiss"]
[EventRounds "11"]
[EventCountry "ITA"]
[Source "lmi"]
[SourceDate "2009.10.27"]

1. e3 e5 2. c4 Nf6 3. Qc2 c6 4. b3 d5 5. Bb2 Bd6 6. Nf3 Nbd7 7. Be2 O-O 8. d4
exd4 9. Bxd4 Qe7 10. Nbd2 Re8 11. h3 c5 12. Bb2 d4 13. Nf1 Ne4 14. exd4 cxd4
15. Bxd4 Bb4+ 16. Kd1 Ndc5 17. a3 Bc3 18. Bd3 Nxd3 19. Qxd3 Bxa1 0-1

[Event "19. Wch 2009 Veteranos"]
[Site "Condino ITA"]
[Date "2009.10.27"]
[Round "1.7"]
[White "Preuss, Flemming"]
[Black "Danner, Georg"]
[Result "0-1"]
[WhiteElo "2066"]
[BlackElo "2440"]
[PlyCount "66"]
[EventDate "2009.10.27"]
[EventType "swiss"]
[EventRounds "11"]
[EventCountry "ITA"]
[Source "lmi"]
[SourceDate "2009.10.27"]

1. e4 c5 2. Nf3 Nc6 3. d4 cxd4 4. Nxd4 Nf6 5. Nc3 d6 6. Bc4 Na5 7. Bd3 g6 8.
Bg5 Bg7 9. Qd2 Bd7 10. f3 Rc8 11. Bh6 O-O 12. Bxg7 Kxg7 13. O-O-O Qb6 14. Nb3
Be6 15. Kb1 Bc4 16. g4 Nxb3 17. cxb3 Bxd3+ 18. Qxd3 Qa5 19. h4 Qe5 20. Rc1 h6
21. Rhg1 Rc6 22. g5 Nh5 23. gxh6+ Kxh6 24. Rg5 Qh2 25. Rcg1 Rfc8 26. Qe3 Kh7
27. e5 dxe5 28. Rxe5 Qxh4 29. Rxe7 R6c7 30. Re1 a6 31. Rxc7 Rxc7 32. Nd5 Rd7
33. Qe5 Rxd5 0-1

[Event "19. Wch 2009 Veteranos"]
[Site "Condino ITA"]
[Date "2009.10.27"]
[Round "1.8"]
[White "Rukavina, Josip"]
[Black "Cernea, Radu"]
[Result "0-1"]
[WhiteElo "2435"]
[BlackElo "2064"]
[PlyCount "90"]
[EventDate "2009.10.27"]
[EventType "swiss"]
[EventRounds "11"]
[EventCountry "ITA"]
[Source "lmi"]
[SourceDate "2009.10.27"]

1. c4 g6 2. d4 Bg7 3. e4 d6 4. Nc3 Nf6 5. Be2 O-O 6. Nf3 e5 7. O-O Nc6 8. Be3
Ng4 9. Bg5 f6 10. Bc1 f5 11. dxe5 dxe5 12. Qxd8 Rxd8 13. Bg5 Rf8 14. h3 Nf6 15.
exf5 gxf5 16. Rad1 Be6 17. Nd5 Rf7 18. Rfe1 e4 19. Nh2 Ne5 20. f3 c6 21. Nxf6+
Bxf6 22. Bxf6 Rxf6 23. fxe4 fxe4 24. Rd4 Bf5 25. Ng4 Nxg4 26. Bxg4 Bg6 27. Rf1
Raf8 28. Rxf6 Rxf6 29. Rd8+ Kg7 30. Rd7+ Rf7 31. b3 Rxd7 32. Bxd7 e3 33. Kf1
Bd3+ 34. Ke1 Kf6 35. Bc8 b6 36. h4 Ke5 37. g4 h6 38. a3 c5 39. Bd7 a5 40. Kd1
Kf4 41. Bc8 a4 42. bxa4 Bxc4 43. Bd7 Bd3 44. Bb5 c4 45. g5 Ke5 0-1

[Event "19. Wch 2009 Veteranos"]
[Site "Condino ITA"]
[Date "2009.10.27"]
[Round "1.9"]
[White "Davydov, Mihail"]
[Black "Butnorius, Algimantas"]
[Result "0-1"]
[WhiteElo "2061"]
[BlackElo "2433"]
[PlyCount "63"]
[EventDate "2009.10.27"]
[EventType "swiss"]
[EventRounds "11"]
[EventCountry "ITA"]
[Source "lmi"]
[SourceDate "2009.10.27"]

1. e4 e5 2. Nf3 Nc6 3. d4 exd4 4. Nxd4 Bc5 5. Nb3 Bb4+ 6. Bd2 a5 7. a3 Be7 8.
Bc3 Bf6 9. Bb5 d6 10. O-O Nh6 11. Bxf6 Qxf6 12. Nc3 O-O 13. Nd5 Qd8 14. Re1 a4
15. Nd2 Nd4 16. Bf1 Bg4 17. f3 Bd7 18. Nc4 Ne6 19. Qd2 f5 20. Rad1 b5 21. exf5
Nxf5 22. Nce3 Nfd4 23. c3 Nb3 24. Qf2 c6 25. Nb4 d5 26. Ng4 Qc7 27. Ne5 Rae8
28. g3 Ng5 29. f4 Nf7 30. Nxd7 Qxd7 31. Bg2 Rxe1+ 32. Rxe1 0-1

[Event "19. Wch 2009 Veteranos"]
[Site "Condino ITA"]
[Date "2009.10.27"]
[Round "1.10"]
[White "Kuindzhy, Alexander"]
[Black "Olesen, Poul Erik Norgaard"]
[Result "1-0"]
[WhiteElo "2420"]
[BlackElo "2060"]
[PlyCount "97"]
[EventDate "2009.10.27"]
[EventType "swiss"]
[EventRounds "11"]
[EventCountry "ITA"]
[Source "lmi"]
[SourceDate "2009.10.27"]

1. g3 g6 2. Bg2 Bg7 3. e4 d6 4. d4 Nf6 5. Nc3 O-O 6. Nge2 c6 7. O-O Qa5 8. h3
e5 9. Be3 Nbd7 10. Qd2 Re8 11. Rfe1 d5 12. Nxd5 Qxd2 13. Nxf6+ Bxf6 14. Bxd2
exd4 15. f4 Bg7 16. e5 f6 17. Nxd4 fxe5 18. Re2 e4 19. Bc3 Nc5 20. Rae1 Bf5 21.
g4 Rad8 22. Nb3 Nxb3 23. axb3 Bc8 24. Bxe4 Bxc3 25. bxc3 Rf8 26. Rf1 Rd6 27.
Kg2 Kg7 28. Kg3 h6 29. Bd3 Rff6 30. Re7+ Rf7 31. Rfe1 Bd7 32. Bc4 Rxe7 33.
Rxe7+ Kh8 34. Bd3 a5 35. Bxg6 b5 36. f5 a4 37. bxa4 bxa4 38. Re4 c5 39. Be8 a3
40. Bxd7 Rxd7 41. Ra4 Rd2 42. Rxa3 Rxc2 43. h4 Rd2 44. Ra8+ Kg7 45. Ra7+ Kf6
46. Ra6+ Kg7 47. g5 h5 48. Ra7+ Kg8 49. g6 1-0

[Event "19. Wch 2009 Veteranos"]
[Site "Condino ITA"]
[Date "2009.10.27"]
[Round "1.11"]
[White "Pipitone, Antonio"]
[Black "Shvedchikov, Anatoli I"]
[Result "0-1"]
[WhiteElo "2058"]
[BlackElo "2411"]
[PlyCount "72"]
[EventDate "2009.10.27"]
[EventType "swiss"]
[EventRounds "11"]
[EventCountry "ITA"]
[Source "lmi"]
[SourceDate "2009.10.27"]

1. e4 c5 2. Nf3 Nc6 3. d4 cxd4 4. Nxd4 g6 5. Be3 Bg7 6. Nc3 d6 7. Be2 Nf6 8.
O-O O-O 9. Kh1 Bd7 10. f4 Rc8 11. Qd2 Na5 12. Rad1 Nc4 13. Bxc4 Rxc4 14. Qd3
Qc8 15. Rd2 a6 16. e5 dxe5 17. fxe5 Ng4 18. Nd5 Re8 19. Nb6 Nxe5 20. Nxc8 Nxd3
21. Nb6 Ne5 22. Nxc4 Nxc4 23. Nf3 Bb5 24. Re1 Nxd2 25. Bxd2 Bxb2 26. Bb4 Bf6
27. Kg1 Kg7 28. Kf2 Rc8 29. c3 e6 30. Ne5 b6 31. Re3 a5 32. Bd6 Bg5 33. Rf3 f6
34. Be7 Re8 35. Bd6 fxe5 36. Bxe5+ Kg8 0-1

[Event "19. Wch 2009 Veteranos"]
[Site "Condino ITA"]
[Date "2009.10.27"]
[Round "1.12"]
[White "Klovans, Janis"]
[Black "Bondar, Leonid"]
[Result "1-0"]
[WhiteElo "2408"]
[BlackElo "2054"]
[PlyCount "63"]
[EventDate "2009.10.27"]
[EventType "swiss"]
[EventRounds "11"]
[EventCountry "ITA"]
[Source "lmi"]
[SourceDate "2009.10.27"]

1. e4 c6 2. Nc3 d5 3. Nf3 Bg4 4. h3 Bh5 5. exd5 cxd5 6. d4 e6 7. g4 Bg6 8. Ne5
Ne7 9. h4 h5 10. Bg5 f6 11. Nxg6 Nxg6 12. Bd3 Ne7 13. Be3 hxg4 14. Qxg4 Qd7 15.
O-O-O f5 16. Qg3 Nec6 17. Rhe1 Bd6 18. Bf4 Bxf4+ 19. Qxf4 O-O 20. Re3 Rf6 21.
Rg1 Na6 22. Reg3 Rf7 23. Bxa6 bxa6 24. h5 Qc7 25. Qd2 Re8 26. h6 Ree7 27. Ne2
f4 28. Rg4 e5 29. hxg7 f3 30. Nc3 Qd6 31. Rg6 Re6 32. Qh6 1-0

[Event "19. Wch 2009 Veteranos"]
[Site "Condino ITA"]
[Date "2009.10.27"]
[Round "1.13"]
[White "Belokopyt, Boris"]
[Black "Chernikov, Oleg"]
[Result "0-1"]
[WhiteElo "2050"]
[BlackElo "2405"]
[PlyCount "94"]
[EventDate "2009.10.27"]
[EventType "swiss"]
[EventRounds "11"]
[EventCountry "ITA"]
[Source "lmi"]
[SourceDate "2009.10.27"]

1. e4 c5 2. Nf3 d6 3. d4 cxd4 4. Nxd4 Nf6 5. Nc3 Nc6 6. Be2 g6 7. Be3 Bg7 8.
Qd2 O-O 9. f3 d5 10. O-O-O dxe4 11. Nxc6 Qxd2+ 12. Rxd2 bxc6 13. Nxe4 Nd5 14.
Bg5 f6 15. c4 Nb4 16. a3 fxg5 17. axb4 Rb8 18. b5 cxb5 19. cxb5 g4 20. Rc2 Bf5
21. Bc4+ Kh8 22. b3 gxf3 23. gxf3 Bxe4 24. fxe4 Bd4 25. h4 h5 26. Rg2 Kg7 27.
Kc2 Rf3 28. e5 Rbf8 29. Re1 Rf2+ 30. Rxf2 Rxf2+ 31. Kd3 Rf4 32. Bd5 Rxh4 33.
Be4 Bb6 34. Rf1 Rh3+ 35. Kc4 Re3 36. Kd5 e6+ 37. Kxe6 Rxe4 38. Kd6 Rd4+ 39. Ke6
Re4 40. Kd6 Bd4 41. e6 Bf6 42. Ra1 Rb4 43. Ra2 Rxb5 44. Rxa7+ Kh6 45. Ra3 h4
46. Kc6 h3 47. b4 h2 0-1

[Event "19. Wch 2009 Veteranos"]
[Site "Condino ITA"]
[Date "2009.10.27"]
[Round "1.14"]
[White "Kaufman, Larry C"]
[Black "Vrhovnik, Damir"]
[Result "1-0"]
[WhiteElo "2401"]
[BlackElo "2045"]
[PlyCount "45"]
[EventDate "2009.10.27"]
[EventType "swiss"]
[EventRounds "11"]
[EventCountry "ITA"]
[Source "lmi"]
[SourceDate "2009.10.27"]

1. d4 Nf6 2. c4 c5 3. d5 e6 4. Nc3 exd5 5. cxd5 d6 6. Nf3 g6 7. Qa4+ Bd7 8. Qb3
Qc7 9. e4 Bg7 10. Bc4 O-O 11. O-O Re8 12. e5 Ng4 13. e6 fxe6 14. dxe6 Bc6 15.
Bg5 Bxf3 16. Nb5 Qb6 17. Qxf3 Ne5 18. Qf7+ Nxf7 19. exf7+ Kf8 20. fxe8=Q+ Kxe8
21. Rae1+ Be5 22. f4 Nc6 23. Nxd6+ 1-0

[Event "19. Wch 2009 Veteranos"]
[Site "Condino ITA"]
[Date "2009.10.27"]
[Round "1.15"]
[White "Ilic, Ilija"]
[Black "Tseitlin, Mark D"]
[Result "0-1"]
[WhiteElo "2038"]
[BlackElo "2394"]
[PlyCount "86"]
[EventDate "2009.10.27"]
[EventType "swiss"]
[EventRounds "11"]
[EventCountry "ITA"]
[Source "lmi"]
[SourceDate "2009.10.27"]

1. d4 Nf6 2. Nc3 d5 3. Bf4 c5 4. e3 Bg4 5. f3 cxd4 6. exd4 Bd7 7. Qd2 a6 8. Be2
Nc6 9. Nd1 g6 10. c3 Bg7 11. g4 h5 12. g5 Ng8 13. h4 e6 14. Nh3 Nge7 15. Nhf2
O-O 16. Nd3 Nf5 17. Ne3 Nfe7 18. Bd6 Re8 19. Bxe7 Nxe7 20. f4 Bb5 21. Ne5 Bxe2
22. Qxe2 Nc8 23. Qd3 Nd6 24. Nf1 b5 25. Ng3 Qc7 26. O-O a5 27. a3 Nc4 28. Rf2
b4 29. a4 bxc3 30. bxc3 Rec8 31. Rf3 Nd6 32. Rb1 Rab8 33. Rxb8 Rxb8 34. Nxg6
fxg6 35. Qxg6 Qf7 36. Qd3 Nf5 37. Ne2 Nxh4 38. Rh3 Qf5 39. Qg3 Rb2 40. Kf2 Qe4
41. Qe3 Qg2+ 42. Ke1 Rxe2+ 43. Qxe2 Qxh3 0-1

[Event "19. Wch 2009 Veteranos"]
[Site "Condino ITA"]
[Date "2009.10.27"]
[Round "1.16"]
[White "Van Riemsdijk, Herman C"]
[Black "Beltrami, Nerio"]
[Result "1-0"]
[WhiteElo "2385"]
[BlackElo "2032"]
[PlyCount "28"]
[EventDate "2009.10.27"]
[EventType "swiss"]
[EventRounds "11"]
[EventCountry "ITA"]
[Source "lmi"]
[SourceDate "2009.10.27"]

1. e4 d6 2. d4 Nf6 3. Nc3 g6 4. f4 Bg7 5. Nf3 O-O 6. Bd3 Nc6 7. e5 dxe5 8. dxe5
Nd5 9. Bd2 Bg4 10. h3 Bxf3 11. Qxf3 Ndb4 12. Be4 Nd4 13. Qd1 c6 14. Be3 f5 1-0

[Event "19. Wch 2009 Veteranos"]
[Site "Condino ITA"]
[Date "2009.10.27"]
[Round "1.17"]
[White "Gustavsson, Sture"]
[Black "Mishuchkov, Nikolai M"]
[Result "1/2-1/2"]
[WhiteElo "2029"]
[BlackElo "2379"]
[PlyCount "97"]
[EventDate "2009.10.27"]
[EventType "swiss"]
[EventRounds "11"]
[EventCountry "ITA"]
[Source "lmi"]
[SourceDate "2009.10.27"]

1. d4 d6 2. e4 g6 3. Nf3 Bg7 4. Be2 Bg4 5. h3 Bxf3 6. Bxf3 Nc6 7. c3 Nf6 8. Be3
O-O 9. h4 e5 10. d5 Ne7 11. h5 c6 12. hxg6 Nxg6 13. c4 Qa5+ 14. Qd2 Qxd2+ 15.
Kxd2 cxd5 16. cxd5 Nxe4+ 17. Bxe4 f5 18. f3 fxe4 19. fxe4 Nf4 20. Rh2 Rf6 21.
Nc3 a6 22. Ne2 Nxe2 23. Kxe2 Rc8 24. Rc1 Rxc1 25. Bxc1 Rg6 26. Kf3 Rf6+ 27. Ke2
Rf7 28. Be3 Rc7 29. Kd3 Bf6 30. Rh3 Rg7 31. Rf3 Kf7 32. g3 Ke7 33. Bb6 Rg4 34.
b3 Bg5 35. a4 h5 36. Bf2 Bf6 37. Rf5 h4 38. gxh4 Bxh4 39. Bxh4+ Rxh4 40. Rf3 b5
41. axb5 axb5 42. Re3 Kd7 43. Rg3 Kc7 44. b4 Rh7 45. Ke3 Kd7 46. Kf3 Ke7 47.
Rg6 Rh3+ 48. Rg3 Rh7 49. Rg6 1/2-1/2

[Event "19. Wch 2009 Veteranos"]
[Site "Condino ITA"]
[Date "2009.10.27"]
[Round "1.18"]
[White "Plachetka, Jan"]
[Black "Hajenius, Willem"]
[Result "1/2-1/2"]
[WhiteElo "2378"]
[BlackElo "2025"]
[PlyCount "49"]
[EventDate "2009.10.27"]
[EventType "swiss"]
[EventRounds "11"]
[EventCountry "ITA"]
[Source "lmi"]
[SourceDate "2009.10.27"]

1. e4 c5 2. Nf3 e6 3. b3 d5 4. exd5 exd5 5. Bb5+ Bd7 6. Bxd7+ Nxd7 7. O-O Be7
8. Re1 Ngf6 9. Qe2 Rc8 10. Bb2 Rc6 11. Nc3 d4 12. Nb5 Re6 13. Qd3 a6 14. Na3
Rxe1+ 15. Rxe1 O-O 16. c3 dxc3 17. dxc3 b5 18. c4 b4 19. Nc2 Nb6 20. Qxd8 Bxd8
21. Ne3 Re8 22. a3 a5 23. axb4 axb4 24. g3 h6 25. Nf5 1/2-1/2

[Event "19. Wch 2009 Veteranos"]
[Site "Condino ITA"]
[Date "2009.10.27"]
[Round "1.19"]
[White "Gardi, Giuseppe"]
[Black "Malisov, Boris"]
[Result "0-1"]
[WhiteElo "2022"]
[BlackElo "2377"]
[PlyCount "81"]
[EventDate "2009.10.27"]
[EventType "swiss"]
[EventRounds "11"]
[EventCountry "ITA"]
[Source "lmi"]
[SourceDate "2009.10.27"]

1. d4 d5 2. Nf3 Nf6 3. e3 c6 4. Bd3 Bg4 5. c4 e6 6. Qb3 Qb6 7. Ne5 Bh5 8. Nc3
Bg6 9. Nxg6 hxg6 10. cxd5 exd5 11. Qxb6 axb6 12. Bd2 Nbd7 13. O-O Bd6 14. g3
Ng4 15. h4 O-O-O 16. e4 dxe4 17. Nxe4 Ndf6 18. Ng5 Nh6 19. Bc4 Rhf8 20. Rac1
Kb8 21. Rfe1 Rd7 22. Bf1 Nd5 23. Bh3 Re7 24. Rxe7 Bxe7 25. Re1 Bxg5 26. Bxg5
Nf5 27. Rd1 f6 28. Bc1 Re8 29. Bg2 Rd8 30. a3 b5 31. Be4 Nfe7 32. Kf1 Kc7 33.
Kg2 b4 34. axb4 Nxb4 35. Bf4+ Kd7 36. Bd2 Nbd5 37. Ra1 Kc7 38. Ba5+ b6 39. Bd2
Kb7 40. Ra4 Nc7 41. Ra1 0-1

[Event "19. Wch 2009 Veteranos"]
[Site "Condino ITA"]
[Date "2009.10.27"]
[Round "1.20"]
[White "Boehnisch, Manfred"]
[Black "Elfert, Aleksandr V"]
[Result "1-0"]
[WhiteElo "2365"]
[BlackElo "2021"]
[PlyCount "84"]
[EventDate "2009.10.27"]
[EventType "swiss"]
[EventRounds "11"]
[EventCountry "ITA"]
[Source "lmi"]
[SourceDate "2009.10.27"]

1. e4 c5 2. Nf3 d6 3. c3 Nf6 4. Bd3 Nc6 5. Qe2 Bg4 6. h3 Bxf3 7. Qxf3 g6 8. Bc2
Bg7 9. d3 O-O 10. O-O Qc7 11. Na3 a6 12. Nc4 Ne5 13. Nxe5 dxe5 14. Qe2 Nh5 15.
g3 b5 16. a4 c4 17. dxc4 bxc4 18. a5 Rab8 19. Ra2 Rfc8 20. Be3 Rb5 21. Bb6 Rxb6
22. axb6 Qxb6 23. Kg2 Bh6 24. Rfa1 Rd8 25. Rd1 Rc8 26. Rd5 e6 27. Rda5 Qd8 28.
Rxa6 Qg5 29. Qg4 Qd2 30. Qd1 Qg5 31. Ra8 Rxa8 32. Rxa8+ Kg7 33. Qd8 Qxd8 34.
Rxd8 Bc1 35. Rb8 f5 36. Rb7+ Kf6 37. Kf3 h6 38. Ke2 g5 39. exf5 e4 40. Bxe4
exf5 41. Bd5 g4 42. hxg4 fxg4 1-0

[Event "19. Wch 2009 Veteranos"]
[Site "Condino ITA"]
[Date "2009.10.27"]
[Round "1.21"]
[White "Rubinstein, Mark"]
[Black "Karasev, Vladimir I"]
[Result "1/2-1/2"]
[WhiteElo "2019"]
[BlackElo "2364"]
[PlyCount "109"]
[EventDate "2009.10.27"]
[EventType "swiss"]
[EventRounds "11"]
[EventCountry "ITA"]
[Source "lmi"]
[SourceDate "2009.10.27"]

1. d4 d6 2. c4 g6 3. Nc3 Bg7 4. e4 Nc6 5. Be3 Nf6 6. f3 O-O 7. Bd3 e5 8. d5 Nd4
9. Nge2 Nh5 10. Qd2 c5 11. dxc6 bxc6 12. O-O f5 13. Bg5 Qb6 14. Kh1 f4 15. Be7
Re8 16. Bh4 Be6 17. b3 h6 18. Bf2 g5 19. Bc2 a5 20. Rad1 c5 21. Bd3 Qd8 22. Ng1
g4 23. fxg4 Bxg4 24. Be2 Bxe2 25. Ngxe2 Nf6 26. h3 Qd7 27. Ng1 a4 28. bxa4 Rxa4
29. Nxa4 Qxa4 30. Qd3 d5 31. cxd5 c4 32. Qb1 c3 33. Rde1 c2 34. Qb2 Nd7 35. Nf3
Rc8 36. Nd2 Bf8 37. Bxd4 exd4 38. Nb3 Ba3 39. Qxd4 Qxd4 40. Nxd4 c1=Q 41. Rxc1
Rxc1 42. Rxc1 Bxc1 43. Nf5 h5 44. Kg1 Kf7 45. Kf2 Kf6 46. g3 Kg5 47. a4 Bd2 48.
Kg2 Nc5 49. Nd4 Kf6 50. Nf3 Bc3 51. e5+ Bxe5 52. Nxe5 Kxe5 53. gxf4+ Kxf4 54.
a5 Ke5 55. Kg3 1/2-1/2

[Event "19. Wch 2009 Veteranos"]
[Site "Condino ITA"]
[Date "2009.10.27"]
[Round "1.22"]
[White "Jakobsen, Ole"]
[Black "Zotin, Vladimir"]
[Result "1-0"]
[WhiteElo "2344"]
[BlackElo "2015"]
[PlyCount "57"]
[EventDate "2009.10.27"]
[EventType "swiss"]
[EventRounds "11"]
[EventCountry "ITA"]
[Source "lmi"]
[SourceDate "2009.10.27"]

1. d4 Nf6 2. c4 e6 3. Nf3 c5 4. d5 b5 5. Bg5 Bb7 6. Nc3 bxc4 7. e4 Qa5 8. Bxf6
gxf6 9. Bxc4 e5 10. O-O d6 11. Bb5+ Nd7 12. Nh4 a6 13. Bxd7+ Kxd7 14. Qh5 Ke8
15. f4 Qc7 16. fxe5 fxe5 17. Rf3 Rd8 18. Raf1 Rd7 19. Ne2 h6 20. Ng6 Rg8 21.
Nxf8 Rxf8 22. Qxh6 a5 23. Ng3 Ba6 24. R1f2 Qb6 25. Nh5 Qb4 26. Nf6+ Ke7 27.
Nxd7 Qe1+ 28. Rf1 Bxf1 29. Qxf8+ 1-0

[Event "19. Wch 2009 Veteranos"]
[Site "Condino ITA"]
[Date "2009.10.27"]
[Round "1.23"]
[White "Giani, Franco"]
[Black "Altshul, Raffael"]
[Result "0-1"]
[WhiteElo "2003"]
[BlackElo "2343"]
[PlyCount "74"]
[EventDate "2009.10.27"]
[EventType "swiss"]
[EventRounds "11"]
[EventCountry "ITA"]
[Source "lmi"]
[SourceDate "2009.10.27"]

1. e3 d5 2. c4 c6 3. d4 Nf6 4. Nc3 g6 5. Nf3 Bg7 6. b4 O-O 7. Bb2 Bg4 8. h3
Bxf3 9. Qxf3 e6 10. c5 Nbd7 11. Be2 e5 12. O-O exd4 13. exd4 Ne8 14. Rad1 Nc7
15. Bc1 Ne6 16. Be3 f5 17. g3 Nf6 18. Qg2 Qc7 19. f4 Rae8 20. Bf2 Kh8 21. a4
Rd8 22. Rfe1 Ne4 23. Nb1 Rfe8 24. Bf3 Bf6 25. Rd3 Qg7 26. Red1 g5 27. fxg5
N6xg5 28. Nd2 Nxf2 29. Kxf2 Bxd4+ 30. Kf1 Bf6 31. Bh5 Rg8 32. Kg1 Ne4 33. Nf1
Be5 34. Rf3 Rdf8 35. Rdd3 f4 36. g4 Nf6 37. Qe2 Nxh5 0-1

[Event "19. Wch 2009 Veteranos"]
[Site "Condino ITA"]
[Date "2009.10.27"]
[Round "1.24"]
[White "Werner, Clemens"]
[Black "Hellwege, Werner"]
[Result "1-0"]
[WhiteElo "2339"]
[BlackElo "2000"]
[PlyCount "100"]
[EventDate "2009.10.27"]
[EventType "swiss"]
[EventRounds "11"]
[EventCountry "ITA"]
[Source "lmi"]
[SourceDate "2009.10.27"]

1. e4 c5 2. c3 d5 3. exd5 Qxd5 4. d4 Nc6 5. Nf3 Bf5 6. Be3 cxd4 7. Nxd4 Rd8 8.
Qa4 Bd7 9. Qb3 Qxb3 10. axb3 a6 11. Nd2 e5 12. N4f3 Be6 13. b4 Nf6 14. b5 axb5
15. Bxb5 Nd7 16. Nc4 f6 17. O-O Bc5 18. Rfd1 Bxe3 19. Nxe3 Ke7 20. Nd5+ Bxd5
21. Rxd5 Nb6 22. Rxd8 Rxd8 23. Kf1 Ra8 24. Rxa8 Nxa8 25. Ke2 Nc7 26. Bc4 Kd6
27. Bg8 h6 28. Nd2 Ne7 29. Bf7 Na6 30. g3 Nc5 31. b4 Na4 32. Kd3 Nb6 33. c4 Kc7
34. c5 Nd7 35. Kc4 b6 36. Be8 bxc5 37. Bxd7 Kxd7 38. Kxc5 Kc7 39. Nc4 Nf5 40.
b5 h5 41. b6+ Kd7 42. Kb5 Nd4+ 43. Ka6 Nc6 44. Na5 Nxa5 45. Kxa5 Kc8 46. Kb5
Kd7 47. Kc5 e4 48. Kd5 f5 49. Ke5 Kc8 50. Kd5 Kd7 1-0

[Event "19. Wch 2009 Veteranos"]
[Site "Condino ITA"]
[Date "2009.10.27"]
[Round "1.25"]
[White "Zharokov, Biket"]
[Black "Klundt, Klaus"]
[Result "0-1"]
[WhiteElo "2000"]
[BlackElo "2337"]
[PlyCount "64"]
[EventDate "2009.10.27"]
[EventType "swiss"]
[EventRounds "11"]
[EventCountry "ITA"]
[Source "lmi"]
[SourceDate "2009.10.27"]

1. d4 d5 2. Nf3 Nf6 3. Bf4 c5 4. c3 Qb6 5. Qb3 Nc6 6. e3 c4 7. Qxb6 axb6 8. Be2
e6 9. Nbd2 b5 10. O-O b4 11. Bg5 Be7 12. Bxf6 Bxf6 13. e4 O-O 14. exd5 exd5 15.
Rfe1 Be6 16. Nf1 bxc3 17. bxc3 Ra3 18. Rec1 Rfa8 19. Rc2 b5 20. Ne3 b4 21. cxb4
Nxb4 22. Rb2 Nc6 23. Nc2 Rxf3 24. Bxf3 Nxd4 25. Nxd4 Bxd4 26. Rab1 Bxb2 27.
Rxb2 Kf8 28. Kf1 Ke7 29. Ke2 Kd6 30. g3 Ra3 31. Bg2 Kc5 32. Kd1 c3 0-1

[Event "19. Wch 2009 Veteranos"]
[Site "Condino ITA"]
[Date "2009.10.27"]
[Round "1.26"]
[White "Clemens, Christian Dr"]
[Black "Morriss, Pete"]
[Result "1/2-1/2"]
[WhiteElo "2331"]
[BlackElo "1989"]
[PlyCount "61"]
[EventDate "2009.10.27"]
[EventType "swiss"]
[EventRounds "11"]
[EventCountry "ITA"]
[Source "lmi"]
[SourceDate "2009.10.27"]

1. g3 Nf6 2. Bg2 c5 3. c4 g6 4. Nc3 Bg7 5. Nf3 d6 6. d4 cxd4 7. Nxd4 Nbd7 8.
O-O O-O 9. e4 Ne5 10. b3 Qb6 11. Nde2 Nc6 12. Be3 Qc7 13. h3 b6 14. Rc1 Bb7 15.
Qd2 Rad8 16. g4 Ne8 17. f4 f5 18. exf5 gxf5 19. Ng3 fxg4 20. hxg4 Nf6 21. Bf3
Bc8 22. Nd5 Qb8 23. Nxf6+ Bxf6 24. Qd5+ Kh8 25. Qxc6 Rg8 26. f5 d5 27. Kg2 Be5
28. Bf2 Bb7 29. Qe6 Bc8 30. Qh6 Bf4 31. Bd4+ 1/2-1/2

[Event "19. Wch 2009 Veteranos"]
[Site "Condino ITA"]
[Date "2009.10.27"]
[Round "1.27"]
[White "Andreas, Guenter"]
[Black "Kernazhitsky, Leonid"]
[Result "0-1"]
[WhiteElo "1987"]
[BlackElo "2327"]
[PlyCount "84"]
[EventDate "2009.10.27"]
[EventType "swiss"]
[EventRounds "11"]
[EventCountry "ITA"]
[Source "lmi"]
[SourceDate "2009.10.27"]

1. e4 c5 2. Nf3 Nc6 3. Bb5 g6 4. c3 Nf6 5. Qe2 e5 6. O-O Qe7 7. d4 cxd4 8. cxd4
Nxd4 9. Nxd4 exd4 10. Bg5 h6 11. Bxf6 Qxf6 12. Nd2 Bg7 13. e5 Qe7 14. f4 a6 15.
Bd3 d6 16. Rae1 O-O 17. Nc4 dxe5 18. Nxe5 b5 19. Qc2 Qd6 20. Be4 Ra7 21. Nd3
Rc7 22. Qb1 Be6 23. f5 gxf5 24. Bxf5 Bc4 25. b3 Bxd3 26. Qxd3 Rc3 27. Qe4 Re3
28. Rxe3 dxe3 29. Kh1 Qd2 30. Bg4 Kh8 31. Rd1 Qf2 32. Qf3 Qxf3 33. Bxf3 Bc3 34.
Rd6 Kg7 35. Kg1 Re8 36. Kf1 Be5 37. Rxa6 Bxh2 38. a4 bxa4 39. bxa4 Rb8 40. Ra8
Rb2 41. a5 Bg3 42. Re8 e2+ 0-1